| 000 | 00580nam a2200205 a 4500 | ||
|---|---|---|---|
| 005 | 20230602063703.0 | ||
| 008 | 991125s1997 mx 000 0 spa u | ||
| 020 | _a9682997852 | ||
| 035 | _aUPN01000035042 | ||
| 049 | _aCG | ||
| 050 | 4 |
_aPQ7298.1 B3 _bL4 |
|
| 100 | 1 | _aAbascal Díaz Barreiro, Antonio | |
| 245 | 1 | 4 |
_aLas leyes del marino / _cAntonio Abascal Díaz Barreiro. |
| 260 |
_aMéxico : _bCNCA : _bSM, _c1997. |
||
| 300 | _a127 p. | ||
| 440 | 0 |
_aGran angular ; _v1 |
|
| 520 | _aPremio Gran Angular 1996 - México | ||
| 650 | 4 |
_aNovela mexicana _94557 |
|
| 905 | _aLibro | ||
| 999 |
_c35042 _d35042 |
||